000 00849nam a2200253Ia 4500
003 OSt
005 20220926012305.0
006 a|||||r|||| 00| 0
007 ta
008 220923b |||||||| |||| 00| 0 eng d
020 _c2201.6999999999998
037 _b4783, 02/11/2012, RAJKIRAN BOOK AGENCY
_cGeneral Book
040 _aRTL
_cRTL
_beng
041 _2eng
_aeng
082 _aX:322, Q0
100 _aKHAN Mushtaq H.
_9316029
245 0 _aRents, rent-seeking and economic development
_b Theory and evidence in Asia.
260 _aNew York
_bCambridge University Press
_c2000
300 _axiv,338p.
_ccm.
650 _aSociology
700 _a SUNDARAM Jomo Kwame
_9316030
942 _hX:322, Q0
_cGB
_2CC
999 _c622387
_d622387